Statistics for World Series Winners Quiz - Sprint

Click here to take the quiz!

General Stats

  • This quiz has been taken 429 times
    (69 since last reset)
  • The average score is 60 of 73

Answer Stats

YearWinner% Correct
1976Reds
100%
1990Reds
100%
1975Reds
100%
1950Yankees
100%
2009Yankees
100%
1977Yankees
100%
1996Yankees
100%
1998Yankees
100%
1999Yankees
100%
2000Yankees
100%
1962Yankees
100%
1961Yankees
100%
1958Yankees
100%
1978Yankees
100%
1956Yankees
100%
1951Yankees
100%
1953Yankees
100%
1952Yankees
100%
2004Red Sox
95%
2007Red Sox
95%
2018Red Sox
95%
2013Red Sox
95%
1989Athletics
92%
1974Athletics
92%
1973Athletics
92%
1972Athletics
92%
1995Braves
92%
2021Braves
92%
1957Braves
92%
1965Dodgers
89%
1963Dodgers
89%
1981Dodgers
89%
1955Dodgers
89%
1959Dodgers
89%
1988Dodgers
89%
2020Dodgers
89%
2017Astros
87%
2022Astros
87%
2016Cubs
84%
2023Rangers
84%
2005White Sox
82%
1982Cardinals
79%
2011Cardinals
79%
2006Cardinals
79%
1967Cardinals
79%
1964Cardinals
79%
1985Royals
79%
2015Royals
79%
2008Phillies
76%
1980Phillies
76%
2014Giants
74%
1954Giants
74%
2012Giants
74%
2010Giants
74%
2003Marlins
74%
1997Marlins
74%
2019Nationals
74%
1992Blue Jays
68%
1993Blue Jays
68%
1986Mets
68%
1969Mets
68%
2002Angels
58%
2001Diamondbacks
55%
1983Orioles
55%
1970Orioles
55%
1966Orioles
55%
1991Twins
55%
1987Twins
55%
1960Pirates
53%
1971Pirates
53%
1979Pirates
53%
1968Tigers
45%
1984Tigers
45%

Score Distribution

Percentile by Number Answered

Percent of People with Each Score

Your Score History

You have not taken this quiz since the last reset